| 000 | 01209nam a2200337 c 4500 | ||
|---|---|---|---|
| 999 |
_c65810 _d65810 |
||
| 003 | BLK | ||
| 005 | 20221207154159.0 | ||
| 008 | 180408b bul|||||r ||||||| ||bul|| | ||
| 010 | _aKNG00070092000 | ||
| 020 | _a954-334-037-4 | ||
| 040 | _aBLK | ||
| 041 |
_aBUL _cBUL |
||
| 080 |
_aВземане на решения. План. Спецификация _b005.53 _x(075.8) _z005.53(075.8) |
||
| 100 | 1 |
_aАндреев, Огнян Димитров _eпърви автор _9285749 |
|
| 139 |
_aАндреев, Огнян Димитров _bА 66 |
||
| 245 | 1 | 0 |
_aМениджмънт на проекти _cОгнян Димитров Андреев. |
| 257 | _aBGR | ||
| 260 |
_bСофттрейд _c2006 |
||
| 300 |
_a188 с. _bс табл., сх., диагр. _c24 см |
||
| 380 | _a0 | ||
| 500 | _aБиблиогр. с. 187. | ||
| 504 | _a187 | ||
| 650 | 4 |
_aПроекти - управление и организация _9277666 |
|
| 653 | _aпроекти | ||
| 653 | _aуправленски решения | ||
| 852 | _aЦб 230462 | ||
| 856 | 4 | _qpdf | |
| 856 | 4 | _qpdf | |
| 942 |
_cKNG _n0 _08 _s1 |
||
| 944 |
_aCR _c18.12.2006 _kКети_Илиева |
||
| 944 |
_aED _c27.11.2012 |
||
| 999 | _d65810 | ||